LEADER 00844nam1-2200313---450- 001 990005602190203316 005 20021021 035 $a000560219 035 $aUSA01000560219 035 $a(ALEPH)000560219USA01 035 $a000560219 100 $a19981214f--------|||y0itaa50------ba 101 $aita 102 $ait 200 1 $aScritti$fMaria Adelaide Raschini 210 $aGenova$cStudio Editoriale di Cultura$d1970?- 215 $av.$d21 cm. 463 \1$1001990005602200203316$12001 $aStudi sulla teosofia rosminiana 620 $dGENOVA 676 $a195 700 1$aRASCHINI,$bMaria Adelaide$0159984 712 02$aSTUDIO EDITORIALE DI CULTURA 801 0$aIT$bSA$c20111219 912 $a990005602190203316 959 $aBK 969 $aFIL 979 $c20121027$lUSA01$h1525 996 $aScritti$91133246 997 $aUNISA LEADER 01763nam a2200373 i 4500 001 991000780829707536 005 20020507173514.0 008 940902s1975 it ||| | ita 035 $ab10756371-39ule_inst 035 $aLE01302227$9ExL 040 $aDip.to Matematica$beng 082 0 $a530.15 084 $aAMS 35Q 084 $aAMS 70-06 084 $aAMS 82-06 100 1 $aCercignani, Carlo$017698 245 10$aConferenze tenute nell'ambito della riunione plenaria del G.N.F.M. :$bRoma, 18-19 dicembre 1975 /$c[C. Cercignani, T. Valent] 260 $aBologna :$bPitagora,$c[1975] 300 $a59 p. ;$c24 cm 490 0 $aQuaderni del Consiglio Nazionale delle Ricerche. Gruppo nazionale per la fisica matematica 500 $aContiene: Dall'equazione di Liouville al teorema H di Boltzmann / C. Cercignani. Su alcuni problemi al contorno per il sistema delle equazioni dell'elastostatica / T. Valent 500 $aInclude la bibliografia: p. 56-59 650 0$aKinetic theory of gases$xCongresses 650 0$aSpecial equations$xCongresses 700 1 $aValent, Tullio 740 0 $aDall'equazione di Liouville al teorema H di Boltzmann 740 0 $aSu alcuni problemi al contorno per il sistema delle equazioni dell'elastostatica 907 $a.b10756371$b23-02-17$c28-06-02 912 $a991000780829707536 945 $aLE013 70-XX CER12 C.1 (1975)$g1$i2013000007151$lle013$o-$pE0.00$q-$rl$s- $t0$u0$v0$w0$x0$y.i10850739$z28-06-02 945 $aLE013 70-XX CER12 C.2 (1975)$g2$i2013000111872$lle013$o-$pE0.00$q-$rl$s- $t0$u0$v0$w0$x0$y.i10850740$z28-06-02 996 $aConferenze tenute nell'ambito della riunione plenaria del G.N.F.M.$9911240 997 $aUNISALENTO 998 $ale013$b01-01-94$cm$da $e-$fita$git $h0$i2 LEADER 04246nam 2200709 a 450 001 9910791985003321 005 20230718233632.0 010 $a3-11-027065-X 024 7 $a10.1515/9783110270655 035 $a(CKB)2560000000079154 035 $a(EBL)827346 035 $a(OCoLC)772844631 035 $a(SSID)ssj0000623699 035 $a(PQKBManifestationID)11369302 035 $a(PQKBTitleCode)TC0000623699 035 $a(PQKBWorkID)10657676 035 $a(PQKB)10321208 035 $a(MiAaPQ)EBC827346 035 $a(WaSeSS)Ind00017250 035 $a(DE-B1597)173954 035 $a(OCoLC)1011446512 035 $a(OCoLC)778433443 035 $a(OCoLC)979906369 035 $a(DE-B1597)9783110270655 035 $a(Au-PeEL)EBL827346 035 $a(CaPaEBR)ebr10523725 035 $a(CaONFJC)MIL628079 035 $a(EXLCZ)992560000000079154 100 $a20120130d2011 uy 0 101 0 $aeng 135 $aur|n|---||||| 181 $ctxt$2rdacontent 182 $cc$2rdamedia 183 $acr$2rdacarrier 200 00$aAnnual review of South Asian languages and linguistics 2011 /$feditors, Rajendra Singh, Ghanshyam Sharma 210 1$aBerlin :$cDe Gruyter,$d2011. 215 $a1 online resource (viii, 210 pages) $cillustrations 225 1 $aTrends in linguistics. Studies and monographs,$x1861-4302 ;$v241 311 0 $a1-306-96828-3 311 0 $a3-11-027057-9 320 $aIncludes bibliographical references. 327 $tFrontmatter --$tContents --$tEditorial Preface --$tGeneral Contributions --$tMetatypy in Sri Lanka Malay /$rAnsaldo, Umberto --$tBenglish verbs: A case of code-mixing in Bengali /$rBhattacharja, Shishir --$tAgreement and non-finite verbs in Bangla: A biaxial approach /$rDasgupta, Probal --$tOn the role of protases in conditional statements: Some evidence from Hindi /$rSharma, Ghanshyam --$tSpecial Contributions: The Indigenous Languages of South Asia --$tAspects of Kharia grammar: A Role and Reference Grammar approach /$rPeterson, John --$tGrammatical voice in Gorum /$rRau, Felix --$tRegional Reports --$tIndia /$rSailaja, Pingali --$tReviews --$tMrinal Kaul and Ashok Aklujkar (Eds.) - Linguistic traditions of Kashmir /$rBhattacharja, Shishir --$tS. Imtiaz Hasnain & Shreesh Chaudhary (Eds.) - Problematizing Language Studies. Cultural, Theoretical and Applied Perspectives. Essays in Honor of Rama Kant Agnihotri /$rSharma, Ghanshyam --$tAppendices --$tAnnouncements: The Gyandeep Prize --$tNotes on Contributors 330 $aSouth Asia is home to a large number of languages and dialects. Although linguists working on this region have made significant contributions to our understanding of language, society, and language in society on a global scale, there is as yet no recognized international forum for the exchange of ideas amongst linguists working on South Asia. The Annual Review of South Asian Languages and Linguistics is designed to be just that forum. It brings together empirical and theoretical research and serves as a testing ground for the articulation of new ideas and approaches which may be grounded in a study of South Asian languages but which have universal applicability. Each volume will have three major sections:I. Invited contributions consisting of state-of-the-art essays on research in South Asian languages.II. Refereed open submissions focusing on relevant issues and providing various viewpoints.III. Reports from around the world, book reviews and abstracts of doctoral theses. 410 0$aTrends in linguistics.$pStudies and monographs ;$v241. 606 $aIndo-Aryan languages 606 $aIndo-Aryan languages, Modern 606 $aSociolinguistics$zSouth Asia 607 $aSouth Asia$xLanguages$xSemantics 615 0$aIndo-Aryan languages. 615 0$aIndo-Aryan languages, Modern. 615 0$aSociolinguistics 676 $a491.1 676 $a491/.1 701 $aSingh$b Rajendra$f1943-2012.$0164720 701 $aSharma$b Ghanshyam$f1952-$01497921 801 0$bMiAaPQ 801 1$bMiAaPQ 801 2$bMiAaPQ 906 $aBOOK 912 $a9910791985003321 996 $aAnnual review of South Asian languages and linguistics 2011$93723232 997 $aUNINA